000 00601nam a2200181Ia 4500
008 100921s9999 xx 000 0 und d
082 _b37121
_a891.463 न 03
100 _aकाकडे द.स.
245 _aघरभेदी.
260 _bपार्टनर प्रकाशन, मुंबई.
_c2003
300 _a216
_bकलाभारती वितरण,पुणे
365 _b190
520 _aललित-कादंबरी.
630 _aघरभेदी.
650 _aललित-कादंबरी.
730 _aघरभेदी.
942 _cBOOK
999 _c786234
_d786231